000 01677nam a22004217a 4500
001 199
003 FISKH
005 20231124155322.0
008 230303b cb ||||| |||| 00| 0 eng d
020 _a9780439086721
035 _a(DLC) 98031007
040 _aDLC
_cDLC
_dDLC
_dFISKH
_beng
042 _alcac
050 0 0 _aPZ7.O81167
_bTo 1999
082 0 0 _a813.54
_221
100 1 _aOsborne, Mary Pope
245 1 0 _aTonight on the Titanic /
_cby Mary Pope Osborne ; illustrated by Sal Murdocca.
260 _aNew York :
_bRandom House,Scholastic
_c1999
300 _a70 pagers :
_billustrations ;
_c19 cm.
490 1 _aMagic tree house ;
_v#17
500 _aLike other books printed in this series, the Lexile number is incorrectly displayed on the back cover as 340 instead of 550.
505 _aK
520 _aThe magic tree house transports Jack and Annie to the deck of the Titanic to find the mysterious gift that will free a small dog from a magic spell.
521 0 _a550
_bLexile
521 0 _aK
_bRaz-Plus
610 2 0 _aTitanic (Steamship)
_xJuvenile fiction.
610 2 1 _aTitanic (Steamship)
_xFiction.
650 1 _aShipwrecks
_xFiction.
650 1 _aSurvival
_xFiction.
650 1 _aTime travel
_xFiction.
650 1 _aMagic
_xFiction.
700 1 _aMurdocca, Sal
_eillustrator
800 1 _aOsborne, Mary Pope
_tMagic tree house series ;
_v#17.
856 4 2 _3Publisher description
_uhttp://www.loc.gov/catdir/description/random048/98031007.html
856 4 2 _3Contributor biographical information
_uhttp://www.loc.gov/catdir/enhancements/fy1111/98031007-b.html
906 _a7
_bcbc
_corignew
_d1
_eocip
_f19
_gy-gencatlg
942 _2ddc
_cBK
_n0
999 _c199
_d199